000 00560nam a2200193 i 4500
001 86982
003 ES-MaACL
005 20251204171147.0
007 t|
008 041217s1969 sp ||||1| spa d
100 1 _aKlinger, Franz.
_968275
245 1 3 _aLa servidumbre sexual masculina /
_cFranz Klinger ; [traducción, José A. Bravo].
250 _a[1ª ed.].
260 _aBarcelona :
_bSagitario,
_c[1969]
300 _a193 p. ;
_c19 cm.
700 _aBravo, José Antonio
_9198639
852 _aES-MaACL
_jC-50966
_bR.69672
999 _c86982
_d86982